[Event "Rodovremesterskabet Gruppe C 2006"]
[Site "Rodovre"]
[Date "2006.09.26"]
[Round "4"]
[White "Vestergaard, John"]
[Black "Jessen, Henrik"]
[Result "1-0"]
[WhiteElo "1362"]
[BlackElo "1400"]
[PlyCount "101"]
[EventDate "2006.??.??"]
[SourceDate "2005.11.09"]

1. d4 e6 2. c4 c6 3. e4 d6 4. Nf3 h6 5. Be2 Be7 6. O-O Nf6 7. e5 Nh7 8. Nc3 O-O
9. Bf4 d5 10. c5 Ng5 11. Bd3 Nxf3+ 12. Qxf3 Bg5 13. Ne2 Bxf4 14. Qxf4 Qg5 15.
Qxg5 hxg5 16. f4 gxf4 17. Rxf4 b6 18. b4 Ba6 19. Bxa6 Nxa6 20. a3 bxc5 21. bxc5
Rab8 22. Raf1 Rb3 23. R1f3 Rxf3 24. Rxf3 Rb8 25. h3 Nc7 26. Nc3 Rb3 27. a4 Rb4
28. Rd3 Rc4 29. a5 Na6 30. Ne2 Nc7 31. Nc3 Na6 32. Ne2 Nc7 33. Nc3 Nb5 34. Nxb5
cxb5 35. Kf2 a6 36. Ke3 Kf8 37. Ra3 Ke7 38. g4 Kd7 39. h4 Kc6 40. h5 Rc2 41.
Kf3 b4 42. Rb3 Kb5 43. g5 Ka4 44. Rb1 b3 45. Kg3 b2 46. h6 gxh6 47. gxh6 Ka3
48. h7 Rc1 49. Rxb2 Rh1 50. Rh2 Rg1+ 51. Kf2 1-0

[Event "Rodovremesterskabet Gruppe C 2006"]
[Site "Rodovre"]
[Date "2006.10.05"]
[Round "4"]
[White "Nielsen, Niels Peter Krogh"]
[Black "Hansen, Ernst Mader"]
[Result "1/2-1/2"]
[WhiteElo "1461"]
[BlackElo "1438"]
[PlyCount "93"]
[EventDate "2006.??.??"]
[SourceDate "2005.11.09"]

1. Nf3 Nf6 2. d3 d5 3. g3 Nc6 4. Bg2 e5 5. Nbd2 Bb4 6. c3 Ba5 7. O-O O-O 8. b4
Bb6 9. b5 e4 10. dxe4 dxe4 11. bxc6 exf3 12. Bxf3 bxc6 13. Bxc6 Rb8 14. e3 Qd6
15. Bg2 Ba6 16. Re1 Rfd8 17. Qa4 Bc5 18. Nb3 Bb5 19. Qf4 Bb6 20. Qxd6 Rxd6 21.
Nd4 Bd7 22. Ba3 c5 23. Rab1 Re8 24. Nb5 Rd3 25. Bf1 Bxb5 26. Rxb5 Rxc3 27. Bb2
Rc2 28. Bxf6 gxf6 29. a4 Ra2 30. Rbb1 Re4 31. Bb5 Rb4 32. Rbc1 Rbb2 33. Rf1 a6
34. Bxa6 Rxa4 35. Ra1 Rba2 36. Rxa2 Rxa2 37. Bc4 Rc2 38. Bb3 Rc3 39. Rb1 Ba5
40. Bd5 Bb4 41. Kf1 Kg7 42. Ke2 Kg6 43. h4 f5 44. Rb2 Kf6 45. Kf3 Rd3 46. Bc4
Rc3 47. Bd5 1/2-1/2

[Event "Rodovremesterskabet Gruppe C 2006"]
[Site "Rodovre"]
[Date "2006.10.05"]
[Round "4"]
[White "Pedersen, Morten Lemvig"]
[Black "Thrane, Jens"]
[Result "1-0"]
[WhiteElo "1480"]
[BlackElo "1460"]
[PlyCount "133"]
[EventDate "2006.??.??"]
[SourceDate "2005.11.09"]

1. d4 Nf6 2. c4 c5 3. Nf3 cxd4 4. Nxd4 Nc6 5. Nc3 g6 6. Bg5 Bg7 7. e3 O-O 8.
Be2 d6 9. O-O a6 10. Bf3 Bd7 11. Rc1 Rc8 12. Qd2 Qa5 13. Bxf6 Bxf6 14. Bxc6
bxc6 15. b3 Qh5 16. Qe2 Qh6 17. Ne4 Bh8 18. Rfd1 c5 19. Nf3 Bg4 20. Rd5 Be5 21.
Ng3 f5 22. Qf1 Bxf3 23. gxf3 f4 24. exf4 Rxf4 25. Qg2 Rcf8 26. Rc2 Rxf3 27.
Rdd2 R3f4 28. Re2 Bd4 29. Nf1 R8f5 30. Kh1 Qh4 31. Ng3 Rf7 32. Re4 Qf6 33. Nh5
Qh4 34. Nxf4 Rxf4 35. Rxf4 Qxf4 36. Re2 Be5 37. Re3 Qd4 38. Qd5+ Kg7 39. Qxd4
cxd4 40. Rd3 Kf6 41. Kg2 Kf5 42. Kf3 Bxh2 43. Rxd4 Be5 44. Rd5 h5 45. Ra5 h4
46. Rxa6 h3 47. Ra5 g5 48. Rd5 g4+ 49. Ke3 e6 50. Rd1 Bf4+ 51. Ke2 Ke4 52. a4
h2 53. a5 d5 54. cxd5 exd5 55. a6 Bb8 56. Rh1 d4 57. Rxh2 d3+ 58. Kd1 Kf3 59.
Rh8 Ba7 60. Rf8+ Kg2 61. Kd2 Bc5 62. Rf7 Bxf2 63. Rxf2+ Kxf2 64. a7 g3 65. a8=Q
g2 66. Qxg2+ Kxg2 67. Kxd3 1-0

[Event "Rodovremesterskabet Gruppe C 2006"]
[Site "Rodovre"]
[Date "2006.10.03"]
[Round "5"]
[White "Rugaard, Michael R"]
[Black "Nielsen, Niels Peter Krogh"]
[Result "0-1"]
[WhiteElo "1343"]
[BlackElo "1461"]
[PlyCount "67"]
[EventDate "2006.??.??"]
[SourceDate "2005.11.09"]

1. d4 d5 2. b3 Nf6 3. Bb2 Bf5 4. e3 e6 5. Bd3 Bxd3 6. Qxd3 Be7 7. Ne2 Nbd7 8.
c4 c6 9. f3 O-O 10. e4 dxc4 11. bxc4 Qa5+ 12. Bc3 Bb4 13. Bxb4 Qxb4+ 14. Qc3
Qxc3+ 15. Nbxc3 Rfd8 16. Kf2 Nb6 17. c5 Nbd7 18. Rhd1 e5 19. d5 Nxc5 20. dxc6
bxc6 21. Ke3 Rac8 22. Nc1 Rxd1 23. Nxd1 Kf8 24. Nb3 Ne6 25. Na5 Nd4 26. Rc1 Ke7
27. h3 Kd6 28. f4 c5 29. Nc4+ Ke6 30. Nxe5 Nh5 31. Nf3 f6 32. Nxd4+ cxd4+ 33.
Kd2 Rxc1 34. Kxc1 0-1

[Event "Rodovremesterskabet Gruppe C 2006"]
[Site "Rodovre"]
[Date "2006.10.03"]
[Round "5"]
[White "Gemzoe, Bjorn"]
[Black "Hviid, Jens Carl"]
[Result "0-1"]
[WhiteElo "1374"]
[BlackElo "1356"]
[PlyCount "60"]
[EventDate "2006.??.??"]
[SourceDate "2005.11.09"]

1. e3 Nf6 2. Ne2 g6 3. Ng3 Bg7 4. Be2 d5 5. d3 Nbd7 6. O-O O-O 7. f4 e5 8. e4
c6 9. f5 dxe4 10. dxe4 Nc5 11. Bd3 Qd4+ 12. Kh1 Ncxe4 13. Qe2 Nxg3+ 14. hxg3
Nh5 15. Kh2 Qd6 16. Qf2 Nf6 17. Nc3 Ng4+ 18. Kh1 Nxf2+ 19. Rxf2 Bxf5 20. Bxf5
gxf5 21. Rxf5 Qg6 22. Rg5 Qxc2 23. Be3 Qxb2 24. Rc1 f6 25. Rg4 Kf7 26. Ne4 Rad8
27. Rf1 h6 28. Bc5 Qe2 29. Rxg7+ Kxg7 30. Bxf8+ Rxf8 0-1

[Event "Rodovremesterskabet Gruppe C 2006"]
[Site "Rodovre"]
[Date "2006.10.03"]
[Round "5"]
[White "Roed, Jorgen"]
[Black "Pedersen, Morten Lemvig"]
[Result "0-1"]
[WhiteElo "1366"]
[BlackElo "1480"]
[PlyCount "40"]
[EventDate "2006.??.??"]
[SourceDate "2005.11.09"]

1. d4 d5 2. c4 c6 3. Nf3 Nf6 4. Nc3 e6 5. Bg5 Be7 6. e3 Nbd7 7. Bd3 Nb6 8. cxd5
cxd5 9. O-O O-O 10. Rc1 a6 11. Ne5 Nbd7 12. f4 g6 13. Rf3 Nh5 14. Bh6 Ng7 15.
e4 Nxe5 16. dxe5 dxe4 17. Nxe4 Qd4+ 18. Kh1 Rd8 19. Rc3 Qxe4 20. Rc4 Qxc4 0-1

[Event "Rodovremesterskabet Gruppe C 2006"]
[Site "Rodovre"]
[Date "2006.10.03"]
[Round "5"]
[White "Lindberg, Ole"]
[Black "Jessen, Henrik"]
[Result "1/2-1/2"]
[WhiteElo "1248"]
[BlackElo "1400"]
[PlyCount "115"]
[EventDate "2006.??.??"]
[SourceDate "2005.11.09"]

1. e4 e5 2. Nf3 Nc6 3. Bc4 Nce7 4. Nxe5 Nh6 5. d4 Ng6 6. Bxh6 Nxe5 7. dxe5 gxh6
8. Qf3 Qe7 9. Nc3 c6 10. b4 b5 11. Bb3 Bg7 12. a4 Bxe5 13. O-O Qf6 14. Qxf6
Bxf6 15. Ra3 Bxc3 16. Bxf7+ Kxf7 17. Rxc3 bxa4 18. Ra3 Ba6 19. Rd1 Ke6 20. Rxa4
Bb5 21. Ra3 Rhg8 22. Re1 a6 23. f4 Raf8 24. f5+ Ke5 25. Kf2 Rg5 26. Ra5 Rd8 27.
c4 Rdg8 28. g3 Rb8 29. cxb5 Rxb5 30. Rxa6 Rxb4 31. Ra5+ Rb5 32. Ra7 Rg7 33. Ra8
Kf6 34. Rf8+ Rf7 35. Re8 Re5 36. Rb8 Rfe7 37. Rb4 d5 38. g4 Rxe4 39. Rexe4 Rxe4
40. Rxe4 dxe4 41. Ke3 Ke5 42. f6 Kxf6 43. Kxe4 Kg5 44. h3 c5 45. Kd5 Kh4 46.
Kxc5 Kxh3 47. Kd4 Kxg4 48. Ke3 Kg3 49. Ke2 h5 50. Kf1 Kh2 51. Kf2 h4 52. Kf1 h3
53. Kf2 h5 54. Kf1 h4 55. Kf2 Kh1 56. Kf1 h2 57. Kf2 h3 58. Kf1 1/2-1/2

[Event "Rodovremesterskabet Gruppe C 2006"]
[Site "Rodovre"]
[Date "2006.10.03"]
[Round "5"]
[White "Hansen, Ernst Mader"]
[Black "Foss, Kim"]
[Result "0-1"]
[WhiteElo "1438"]
[BlackElo "1293"]
[PlyCount "64"]
[EventDate "2006.??.??"]
[SourceDate "2005.11.09"]

1. e4 e5 2. Nf3 d6 3. Bc4 f5 4. d3 Be7 5. O-O c6 6. Nc3 f4 7. Bxg8 Rxg8 8. d4
Qc7 9. dxe5 dxe5 10. b3 Bg4 11. Bb2 Nd7 12. Qe2 O-O-O 13. a3 g5 14. b4 a6 15.
Na4 Bxf3 16. Qxf3 g4 17. Qc3 Bd6 18. Nc5 Rge8 19. Qc4 Bxc5 20. bxc5 Nf6 21.
Rad1 Qe7 22. Bc3 g3 23. Rxd8+ Rxd8 24. fxg3 Ng4 25. Qb4 Ne3 26. Rc1 fxg3 27.
hxg3 Qg7 28. Be1 Rf8 29. Bf2 Ng4 30. Rb1 Rxf2 31. Qb3 Qf7 32. Qd3 Qh5 0-1

[Event "Rodovremesterskabet Gruppe C 2006"]
[Site "Rodovre"]
[Date "2006.10.03"]
[Round "5"]
[White "Vestergaard, John"]
[Black "Jonsson, John"]
[Result "1-0"]
[WhiteElo "1362"]
[BlackElo "1251"]
[PlyCount "73"]
[EventDate "2006.??.??"]
[SourceDate "2005.11.09"]

1. d4 Nf6 2. c4 e6 3. a3 d5 4. cxd5 exd5 5. Nc3 Be7 6. Bg5 O-O 7. e3 a6 8. Bd3
h6 9. Bh4 Be6 10. Nge2 c6 11. O-O Nbd7 12. Bc2 Bd6 13. Qd3 Re8 14. Bg3 Nf8 15.
f3 Rc8 16. Bxd6 Qxd6 17. e4 dxe4 18. fxe4 Qc7 19. e5 Nd5 20. Qg3 c5 21. Nxd5
Bxd5 22. Rac1 Kh8 23. Bf5 Rcd8 24. Rxc5 Qe7 25. Rfc1 Ne6 26. Bxe6 Qxe6 27. Nf4
Qb6 28. Nxd5 Rxd5 29. Rxd5 Qxb2 30. Qc3 Qe2 31. Qe1 Qb2 32. Qf1 Rf8 33. Rd7 Qb3
34. Rcc7 Kg8 35. Rxb7 Qe6 36. Rd6 Qc8 37. Ra7 1-0

[Event "Rodovremesterskabet Gruppe C 2006"]
[Site "Rodovre"]
[Date "2006.10.17"]
[Round "5"]
[White "Henriksen, Franz"]
[Black "Thrane, Jens"]
[Result "1-0"]
[WhiteElo "1435"]
[BlackElo "1460"]
[PlyCount "65"]
[EventDate "2006.??.??"]
[SourceDate "2005.11.09"]

1. f4 d5 2. Nf3 c5 3. e3 a6 4. Be2 Nc6 5. b3 Nf6 6. O-O g6 7. Bb2 Bg7 8. d3 b5
9. Nbd2 h6 10. c4 Be6 11. cxd5 Bxd5 12. e4 Be6 13. Nh4 O-O 14. f5 gxf5 15. Nxf5
Nd4 16. Nxg7 Nxe2+ 17. Qxe2 Bg4 18. Qe3 Kxg7 19. Qg3 Kh7 20. Bxf6 Rg8 21. Bb2
f6 22. Qe3 Rc8 23. Rf4 e5 24. Rf2 Rc7 25. Raf1 Rg6 26. h3 Be6 27. Nf3 Bxh3 28.
Nh4 Rxg2+ 29. Nxg2 Bxg2 30. Rxg2 Rd7 31. Rg3 Qe7 32. Bc1 Qf8 33. Rf5 1-0

[Event "Rodovremesterskabet Gruppe C 2006"]
[Site "Rodovre"]
[Date "2006.10.10"]
[Round "6"]
[White "Vestergaard, John"]
[Black "Henriksen, Franz"]
[Result "1-0"]
[WhiteElo "1362"]
[BlackElo "1435"]
[PlyCount "79"]
[EventDate "2006.??.??"]
[SourceDate "2005.11.09"]

1. d4 Nf6 2. c4 d5 3. cxd5 Nxd5 4. e4 Nf6 5. Nc3 c5 6. Nf3 Bg4 7. Bb5+ Nbd7 8.
dxc5 e6 9. c6 bxc6 10. Bxc6 Rc8 11. Bxd7+ Nxd7 12. O-O Be7 13. Qd3 O-O 14. Nd2
f5 15. f3 Bc5+ 16. Kh1 fxe4 17. Ndxe4 Bf5 18. Be3 Bxe3 19. Qxe3 Nb6 20. Rad1
Qe7 21. Nd6 Rb8 22. Nxf5 Rxf5 23. b3 Rbf8 24. Rfe1 R5f6 25. Nd5 Nxd5 26. Rxd5
Qc7 27. Re5 Rh6 28. g3 Rff6 29. Kg2 Rfg6 30. f4 Qc6+ 31. Qe4 Qd7 32. f5 Rf6 33.
Rxe6 Rxe6 34. fxe6 Qe8 35. Qd5 Kh8 36. e7 g5 37. Qd8 Qxd8 38. exd8=Q+ Kg7 39.
Qe7+ Kg6 40. Re6+ 1-0

[Event "Rodovremesterskabet Gruppe C 2006"]
[Site "Rodovre"]
[Date "2006.10.10"]
[Round "6"]
[White "Hansen, Ernst Mader"]
[Black "Rugaard, Michael R"]
[Result "0-1"]
[WhiteElo "1438"]
[BlackElo "1343"]
[PlyCount "58"]
[EventDate "2006.??.??"]
[SourceDate "2005.11.09"]

1. e4 c5 2. Nf3 Nc6 3. d4 cxd4 4. Nxd4 e5 5. Nf5 d5 6. Ng3 Nf6 7. exd5 Nxd5 8.
c3 Be6 9. Bd3 Bc5 10. O-O Qd7 11. Qc2 g6 12. Nd2 Nf4 13. Bb5 a6 14. Nde4 Be7
15. Ba4 f5 16. Nd2 Qc7 17. Nf3 Bd5 18. Bxf4 Bxf3 19. Bxe5 Qxe5 20. gxf3 Qc7 21.
Rfe1 Kf7 22. Qe2 Bf6 23. Rad1 Rad8 24. Qe6+ Kg7 25. Bxc6 bxc6 26. Ne2 Rhe8 27.
Qc4 Qb6 28. Rxd8 Qxd8 29. Qxc6 Rxe2 0-1

[Event "Rodovremesterskabet Gruppe C 2006"]
[Site "Rodovre"]
[Date "2006.10.10"]
[Round "6"]
[White "Hviid, Jens Carl"]
[Black "Pedersen, Morten Lemvig"]
[Result "1/2-1/2"]
[WhiteElo "1356"]
[BlackElo "1480"]
[PlyCount "80"]
[EventDate "2006.??.??"]
[SourceDate "2005.11.09"]

1. c4 Nf6 2. Nc3 e6 3. g3 d5 4. cxd5 Nxd5 5. Bg2 Bc5 6. Nf3 O-O 7. O-O Nc6 8.
d4 Bd6 9. Nb5 Bd7 10. Nxd6 cxd6 11. e4 Nde7 12. Bf4 d5 13. Ne5 Be8 14. Nxc6
Bxc6 15. e5 Rc8 16. Bg5 h6 17. Be3 Nf5 18. Qd2 Qb6 19. Rfc1 Bd7 20. Rxc8 Rxc8
21. Rc1 Rxc1+ 22. Qxc1 Nxe3 23. fxe3 Qc6 24. Qxc6 Bxc6 25. Kf2 Kf8 26. h4 Ke7
27. g4 g5 28. h5 f6 29. exf6+ Kxf6 30. e4 dxe4 31. Ke3 e5 32. Bxe4 exd4+ 33.
Kxd4 Bxe4 34. Kxe4 Ke6 35. a4 b6 36. Kd4 Kd6 37. b3 a6 38. b4 Ke6 39. a5 bxa5
40. bxa5 Kd6 1/2-1/2

[Event "Rodovremesterskabet Gruppe C 2006"]
[Site "Rodovre"]
[Date "2006.10.10"]
[Round "6"]
[White "Foss, Kim"]
[Black "Nielsen, Niels Peter Krogh"]
[Result "0-1"]
[WhiteElo "1293"]
[BlackElo "1461"]
[PlyCount "110"]
[EventDate "2006.??.??"]
[SourceDate "2005.11.09"]

1. e4 c5 2. c3 Nc6 3. d4 cxd4 4. cxd4 d6 5. Nc3 Nf6 6. Bg5 Qa5 7. Bxf6 gxf6 8.
Bb5 Bd7 9. Nge2 Bg7 10. a3 a6 11. b4 Qb6 12. Ba4 f5 13. Nd5 Qd8 14. f3 e6 15.
Ndf4 fxe4 16. fxe4 b5 17. Bb3 Rc8 18. O-O Qb6 19. Rc1 Nxd4 20. Rxc8+ Bxc8 21.
Kh1 Nxb3 22. Qxb3 Ke7 23. Qg3 Be5 24. Qg5+ Ke8 25. Qh5 Qb7 26. Nd3 Bg7 27. Qh4
Qe7 28. Qh5 h6 29. Rc1 Bb7 30. Qg4 Qg5 31. Qf3 f5 32. Rc7 Bxe4 33. Qh3 Bxd3 34.
Qxd3 Be5 35. Nd4 Rg8 36. g3 Qf6 37. Rc8+ Kf7 38. Rc7+ Kg6 39. Nf3 Qd8 40. Nxe5+
dxe5 41. Rd7 Qa8+ 42. Kg1 Qc8 43. g4 Kf6 44. h3 h5 45. Qd2 Rg6 46. Rh7 hxg4 47.
Rh6 gxh3+ 48. Rxg6+ Kxg6 49. Kh2 Qc4 50. Qd8 Qg4 51. Qe8+ Kf6 52. Qf8+ Kg6 53.
Qg8+ Kh5 54. Qh7+ Kg5 55. Qe7+ Kf4 0-1

[Event "Rodovremesterskabet Gruppe C 2006"]
[Site "Rodovre"]
[Date "2006.10.10"]
[Round "6"]
[White "Thrane, Jens"]
[Black "Roed, Jorgen"]
[Result "1/2-1/2"]
[WhiteElo "1460"]
[BlackElo "1366"]
[PlyCount "158"]
[EventDate "2006.??.??"]
[SourceDate "2005.11.09"]

1. d4 d5 2. c4 c6 3. Nc3 Nf6 4. f3 e6 5. e4 Na6 6. e5 Nd7 7. a3 Nc7 8. c5 Be7
9. b4 f6 10. f4 O-O 11. Bd3 fxe5 12. fxe5 Rf7 13. Qh5 Nf8 14. Nf3 Qe8 15. Be3
b6 16. Ne2 Ba6 17. Bc2 bxc5 18. bxc5 Rb8 19. Bc1 Bxe2 20. Kxe2 Nb5 21. Bb2 Rf4
22. Qh3 Qf7 23. a4 g5 24. axb5 g4 25. Qg3 Kh8 26. Nh4 Bxh4 27. Qxh4 Ng6 28. Qg3
Rf8 29. Rae1 h5 30. Qd3 Rf2+ 31. Kd1 Nf4 32. Qe3 Nxg2 33. Qh6+ Kg8 34. Reg1
Qf3+ 35. Kc1 Qe3+ 36. Qxe3 Nxe3 37. Bg6 Nc4 38. Ba1 Ra2 39. Bc3 cxb5 40. Bxh5
Rff2 41. Rxg4+ Kf8 42. Bg6 b4 43. Bb1 bxc3 44. Rhg1 Ke7 45. c6 Ra1 46. c7 Nb6
47. h4 Kd7 48. Rg7+ Kc6 49. Rg8 Nc8 50. R1g3 Rf1+ 51. Kc2 Rf2+ 52. Kc1 Rf1+ 53.
Kc2 Rf2+ 54. Kxc3 Rxb1 55. Rxc8 Rb7 56. Rg7 a5 57. h5 a4 58. Rd8 Rxc7 59. Rd6+
Kb7+ 60. Rxc7+ Kxc7 61. Kb4 Rf4 62. h6 Rxd4+ 63. Ka3 Rh4 64. Rxe6 Kd7 65. Rd6+
Ke7 66. Ra6 Kf7 67. Kb2 Rh5 68. e6+ Ke7 69. h7 d4 70. Ka3 d3 71. Kb2 a3+ 72.
Kc3 a2 73. Kxd3 a1=Q 74. Rxa1 Kxe6 75. Ra6+ Kf7 76. Ra7+ Kg6 77. Ke4 Rxh7 78.
Ra6+ Kg5 79. Ke5 Re7+ 1/2-1/2

[Event "Rodovremesterskabet Gruppe C 2006"]
[Site "Rodovre"]
[Date "2006.10.24"]
[Round "7"]
[White "Foss, Kim"]
[Black "Rugaard, Michael R"]
[Result "1/2-1/2"]
[WhiteElo "1293"]
[BlackElo "1343"]
[PlyCount "125"]
[EventDate "2006.??.??"]
[SourceDate "2005.11.09"]

1. b4 e6 2. Bb2 Nf6 3. a3 b6 4. c4 c5 5. b5 Bb7 6. e3 d5 7. d4 dxc4 8. Nf3 Bd5
9. Nbd2 Qd7 10. a4 a6 11. Nxc4 Qc7 12. Nce5 a5 13. Rc1 Nbd7 14. Nxd7 Nxd7 15.
Be2 Bd6 16. O-O O-O 17. h3 Rac8 18. dxc5 Bxc5 19. Nd4 Rfd8 20. Bf3 Nb8 21. Bxd5
Rxd5 22. Qg4 g6 23. Nxe6 Qd7 24. Nxc5 Qxg4 25. hxg4 Rdxc5 26. Rxc5 bxc5 27. Rc1
Nd7 28. Bc3 Nb6 29. Bxa5 Nxa4 30. Ra1 Nb2 31. Rb1 Nc4 32. Bc3 Nb6 33. Kf1 Kf8
34. g5 Ke7 35. Bf6+ Kd7 36. Rd1+ Ke6 37. Ra1 Ra8 38. Rb1 Rb8 39. f4 Nd5 40. Re1
Nxf6 41. gxf6 Rxb5 42. Rc1 Kxf6 43. Ke2 Ke6 44. Rd1 c4 45. Rc1 Rc5 46. Rc2 h5
47. e4 Rc6 48. Ke3 f5 49. e5 Kd5 50. g3 Kc5 51. Rc3 Rb6 52. Rc2 Rb3+ 53. Kf2
Kd4 54. Rd2+ Ke4 55. Re2+ Kd4 56. e6 Rb8 57. e7 Re8 58. Ke1 c3 59. Kd1 Kd3 60.
Re6 c2+ 61. Kc1 Kc3 62. Rc6+ Kd3 63. Rd6+ 1/2-1/2

[Event "Rodovremesterskabet Gruppe C 2006"]
[Site "Rodovre"]
[Date "2006.10.24"]
[Round "7"]
[White "Nielsen, Niels Peter Krogh"]
[Black "Hviid, Jens Carl"]
[Result "1-0"]
[WhiteElo "1461"]
[BlackElo "1356"]
[PlyCount "173"]
[EventDate "2006.??.??"]
[SourceDate "2005.11.09"]

1. Nf3 c5 2. g3 Nf6 3. d3 d6 4. Bg2 g6 5. O-O Bg7 6. e4 O-O 7. c3 Nc6 8. Re1
Bg4 9. Nbd2 Qd7 10. Qc2 Rad8 11. Nb3 Bh3 12. Be3 Bxg2 13. Kxg2 Ng4 14. Rad1
Nxe3+ 15. Rxe3 f5 16. exf5 Qxf5 17. Nh4 Qh5 18. f4 g5 19. fxg5 Qxg5 20. Qe2 Ne5
21. Nf3 Nxf3 22. Rxf3 Qd5 23. Qe4 Qxe4 24. dxe4 Rf6 25. Rxf6 Bxf6 26. Nxc5 Rc8
27. Ne6 Rc6 28. Rf1 h6 29. Kf3 Rb6 30. Rf2 Rb5 31. Nc7 Rc5 32. Nd5 Kg7 33. Nxf6
Kxf6 34. Ke3+ Kg7 35. Kd4 b5 36. b3 e6 37. Rc2 Kg6 38. c4 b4 39. Re2 e5+ 40.
Ke3 Rc7 41. Rd2 Kg5 42. Rxd6 Re7 43. Rd2 Kg4 44. Rd6 h5 45. Rd2 Rf7 46. Rf2 Re7
47. Rf5 h4 48. gxh4 Kxh4 49. c5 Kh3 50. Rh5+ Kg4 51. Rf5 Kh3 52. Rh5+ Kg4 53.
Rh6 Kg5 54. Rd6 Rh7 55. Rd2 Rh3+ 56. Ke2 Rxh2+ 57. Kd3 Rh3+ 58. Kc4 Re3 59. Kd5
Kf6 60. Rf2+ Ke7 61. Kxe5 Rc3 62. Kd5 a5 63. Re2 a4 64. bxa4 b3 65. axb3 Rxb3
66. Kc4 Rb1 67. Rd2 Rc1+ 68. Kb5 Rb1+ 69. Kc6 Ra1 70. Rd7+ Ke6 71. Rd6+ Ke5 72.
Kb5 Rb1+ 73. Ka6 Kxe4 74. a5 Rc1 75. Kb6 Rb1+ 76. Kc7 Rc1 77. c6 Ra1 78. Kb6
Rb1+ 79. Ka7 Ke5 80. Rh6 Rc1 81. a6 Kd5 82. Kb7 Rb1+ 83. Kc8 Rb6 84. a7 Ra6 85.
Kb7 Ra1 86. a8=Q Rb1+ 87. Kc8 1-0

[Event "Rodovremesterskabet Gruppe C 2006"]
[Site "Rodovre"]
[Date "2006.10.24"]
[Round "7"]
[White "Thrane, Jens"]
[Black "Jonsson, John"]
[Result "0-1"]
[WhiteElo "1460"]
[BlackElo "1251"]
[PlyCount "114"]
[EventDate "2006.??.??"]
[SourceDate "2005.11.09"]

1. d4 Nf6 2. c4 e6 3. f3 Be7 4. e4 d6 5. Ne2 h6 6. Ng3 c6 7. Nc3 b6 8. Be3 Bb7
9. Be2 Nbd7 10. O-O Qc7 11. a3 Nh7 12. b4 O-O 13. Qb3 Rfe8 14. Rfd1 Ndf8 15.
Rac1 Ng6 16. f4 Rad8 17. Bd3 Nf6 18. h3 Qb8 19. f5 Nf8 20. Bf4 e5 21. Be3 exd4
22. Bxd4 N6h7 23. Nh5 Nf6 24. Nf4 d5 25. e5 Ne4 26. g4 Nxc3 27. Rxc3 Bg5 28.
Nh5 c5 29. Bf2 d4 30. Rc2 Qxe5 31. Ng3 Be3 32. Kh2 Bxf2 33. Rxf2 Qc7 34. Qc2
Re3 35. Rg1 Rde8 36. b5 Nd7 37. Re2 Nf6 38. Rxe3 Rxe3 39. Qd2 Qe5 40. a4 h5 41.
g5 h4 42. Qf2 Nh5 43. Bf1 hxg3+ 44. Rxg3 Nxg3 45. Kg1 Rf3 46. Qe2 Rxf1+ 47.
Qxf1 Nxf1 48. Kxf1 Qxf5+ 49. Ke2 Qf3+ 50. Kd2 Qe3+ 51. Kc2 Be4+ 52. Kd1 Bf3+
53. Kc2 d3+ 54. Kb2 d2 55. a5 d1=Q 56. g6 Qdd2+ 57. Kb1 Qee1# 0-1

[Event "Rodovremesterskabet Gruppe C 2006"]
[Site "Rodovre"]
[Date "2006.10.24"]
[Round "7"]
[White "Pedersen, Morten Lemvig"]
[Black "Vestergaard, John"]
[Result "1-0"]
[WhiteElo "1480"]
[BlackElo "1362"]
[PlyCount "59"]
[EventDate "2006.??.??"]
[SourceDate "2005.11.09"]

1. d4 Nf6 2. Nf3 g6 3. c4 Bg7 4. Nc3 d6 5. e3 O-O 6. Bd3 Nbd7 7. O-O e5 8. dxe5
dxe5 9. Bc2 b6 10. Qe2 Bb7 11. Rd1 Qe8 12. Nb5 Qc8 13. Rb1 a6 14. Nc3 e4 15.
Ng5 Re8 16. Ba4 Re5 17. Nh3 Nc5 18. Bc2 Ne8 19. Nd5 f5 20. b3 Nf6 21. Bb2 Re6
22. Nhf4 Nxd5 23. Nxe6 Bxb2 24. cxd5 Nxe6 25. dxe6 Bf6 26. b4 Kf8 27. Bb3 Qe8
28. Qc4 Qc6 29. e7+ Kxe7 30. Qf7# 1-0

[Event "Rodovremesterskabet Gruppe C 2006"]
[Site "Rodovre"]
[Date "2006.10.23"]
[Round "7"]
[White "Gemzoe, Bjorn"]
[Black "Henriksen, Franz"]
[Result "1/2-1/2"]
[WhiteElo "1374"]
[BlackElo "1435"]
[PlyCount "46"]
[EventDate "2006.??.??"]
[SourceDate "2005.11.09"]

1. e3 c5 2. Ne2 Nc6 3. Ng3 e5 4. Be2 Nf6 5. d3 d5 6. b3 Bd6 7. O-O O-O 8. f4
exf4 9. exf4 Qc7 10. Nc3 d4 11. Nb5 Qd7 12. Nxd6 Qxd6 13. Ne4 Nxe4 14. dxe4 d3
15. Bxd3 Nb4 16. Kh1 h6 17. e5 Qd4 18. Bd2 Nxd3 19. cxd3 Qxd3 20. Rf3 Qb5 21.
h3 b6 22. Qc2 Bb7 23. Rg3 Rad8 1/2-1/2